000 01269cam a22003135a 4500
001 009566887
005 20180121122635.0
008 950502s1994 waua frb 001 0 eng d
020 _a0841225044
040 _aUk
_cUk
_beng
_dEG-ScBUE
041 1 _aeng
_hrus
082 0 4 _222
_a620.1920423
_bGOL
100 1 _aGol'dman, A. I︠A︡.
_q(Anatoliĭ I︠A︡kovlevich)
245 1 0 _aPrediction of the deformation properties of polymeric and composite materials /
_cA. Ya. Gol'dman ; translated by M. Shelef and R. A. Dickie.
260 _aWashington :
_bAmerican Chemical Society,
_c1994.
300 _axiii, 349 p. :
_bill. ;
_c24 cm.
490 0 _aACS professional reference book
500 _aTranslation of "Prognozirovanie deformat︠s︡ionno-prochnostnykh svoĭstv polimernykh i kompozit︠s︡ionnykh materialov".
504 _aIncludes bibliographical references and index.
546 _aText in English ; translator from Russian.
650 7 _2BUEsh
_aPolymers
_xMechanical properties.
_96993
650 7 _929104
_aComposite materials
_xMechanical properties.
651 _2BUEsh
653 _bGGEN
_cJanuary2018
700 1 _aShelef, M.,
_etranslator.
700 1 _aDickie, R. A.,
_etranslator.
710 2 _aAmerican Chemical Society.
942 _2ddc
999 _c25970
_d25942